| 000 | 00655nam a2200241 i 4500 | ||
|---|---|---|---|
| 001 | bg | ||
| 100 | 1 | _aKUCHARSKI, Tomasz | |
| 245 | 0 | 0 |
_aProgramowanie obliczeń inżynierskich / _cTomasz Kucharski. |
| 260 |
_aGdańsk : _bWydaw. Politechniki Gdańskiej, _c2000. |
||
| 300 |
_a147 s. : _brys., wykr. ; _c24 cm. |
||
| 504 | _aBibliogr. | ||
| 650 | 9 | _aProgramowanie (informat.) | |
| 650 | 9 | _aMathcad | |
| 650 | 9 | _aMatlab | |
| 655 | _aPodręczniki akademickie | ||
| 020 | _a8388007556 | ||
| 040 | _cBPK | ||
| 041 | 0 | _apl | |
| 080 | _a004.4:004.42](075.8) | ||
| 920 | _a83-88007-55-6 | ||
| 942 | _cKS | ||
| 008 | s pl f |000 0 pol | ||
| 999 |
_c39532 _d39532 |
||
| 856 |
_uhttp://koha.tu.koszalin.pl/cgi-bin/koha/opac-detail.pl?biblionumber=39532 _yKatalog online BPK |
||